000 nam a22 7a 4500
999 _c8969
_d8969
008 180122b ||||| |||| 00| 0 eng d
100 _aNCERT
_95269
245 _aMath-Magic
260 _aNew Delhi
_bNCERT
_c2006